000 01051nac a22003017a 4500
001 BR7906720
003 BR-BrBNA
005 20240105114523.0
008 230509b bl.|||m| |||| 00| 0 por d
040 _aBR-BrBNA
_bpor
_cBiblioteca Nacional de Agricultura
072 _aF27; F00
090 _a0120 BR7906720
100 1 _aSiqueira, L.A.
100 1 _aSobral, L.F.
110 1 _aUnidade de Execucao de Pesquisa de Ambito Estadual de Quissama, Aracaju, SE (Brasil)
_910374
245 1 _aArranjos e populacoes de plantas de milho e feijao no sistema consorciado em Sergipe [Zea mays; Phaseolus vulgaris; Brasil]
260 3 _aAracaju, SE (Brasil):
_c1979.
300 _a6 p.
490 _aComunicado Tecnico - Unidade de Execucao de Pesquisa de Ambito Estadual de Quissama (Brazil)
_vno. 2
_x
650 _aCultivo do solo
650 _aProducao vegetal
650 _aMilho
650 _aFeijao
650 _aConsorciacao de cultura
650 _aSergipe
909 _a202312
_bLúcia Elande
_c55
_dLúcia Elande
942 _2AGRIS
_n0
_cMS
999 _c269823
_d269823